|
|
|
|
| LEADER |
01661nam a2200397 i 4500 |
| 001 |
EBC5218073 |
| 003 |
MiAaPQ |
| 005 |
20200124131519.0 |
| 006 |
m o d | |
| 007 |
cr cnu|||||||| |
| 008 |
200124s2017 xx o 000 0 spa d |
| 020 |
|
|
|z 9782806299802
|
| 020 |
|
|
|a 9782806299796
|q (electronic bk.)
|
| 035 |
|
|
|a (MiAaPQ)EBC5218073
|
| 035 |
|
|
|a (Au-PeEL)EBL5218073
|
| 035 |
|
|
|a (CaPaEBR)ebr11498290
|
| 035 |
|
|
|a (OCoLC)1020030959
|
| 040 |
|
|
|a MiAaPQ
|b eng
|e rda
|e pn
|c MiAaPQ
|d MiAaPQ
|
| 050 |
|
4 |
|a HF6127
|b .B685 2017
|
| 082 |
0 |
|
|a 640.73
|2 23
|
| 100 |
1 |
|
|a Bouillot, Charlotte,
|e author.
|
| 245 |
1 |
0 |
|a Groupon :
|b El fenomeno de los descuentos en linea /
|c por Charlotte Bouillot ; traducido por Laura Bernal Martin.
|
| 264 |
|
1 |
|a [Place of publication not identified] :
|b 50Minutos.es,
|c [2017]
|
| 264 |
|
4 |
|c 2017
|
| 300 |
|
|
|a 1 online resource (27 pages)
|
| 336 |
|
|
|a text
|b txt
|2 rdacontent
|
| 337 |
|
|
|a computer
|b c
|2 rdamedia
|
| 338 |
|
|
|a online resource
|b cr
|2 rdacarrier
|
| 588 |
|
|
|a Description based on print version record.
|
| 590 |
|
|
|a Electronic reproduction. Ann Arbor, MI : ProQuest, 2018. Available via World Wide Web. Access may be limited to ProQuest affiliated libraries.
|
| 650 |
|
0 |
|a Coupons (Retail trade)
|
| 655 |
|
4 |
|a Electronic books.
|
| 700 |
1 |
|
|a Bernal Martin, Laura,
|e translator.
|
| 776 |
0 |
8 |
|i Print version:
|a Bouillot, Charlotte.
|t Groupon : el fenomeno de los descuentos en linea.
|d [Place of publication not identified] : 50Minutos.es, c2017
|h 27 pages
|z 9782806299802
|
| 797 |
2 |
|
|a ProQuest (Firm)
|
| 856 |
4 |
0 |
|u https://ebookcentral.proquest.com/lib/matrademy/detail.action?docID=5218073
|z Click to View
|